Actors who worked with Eli Roth - Statistics

General Stats
  • This quiz has been taken 12 times
  • The average score is 9 of 51
Answer Stats
Hint Answer % Correct
Borderlands, The House with a Clock in Its Walls Jack Black
88%
Knock Knock Ana de Armas
50%
Borderlands, The House with a Clock in Its Walls Cate Blanchett
50%
Knock Knock Keanu Reeves
38%
Thanksgiving Addison Rae
25%
Death Wish Bruce Willis
25%
Cabin Fever Cerina Vincent
25%
The Green Inferno Daryl Sabara
25%
Death Wish Dean Norris
25%
Death Wish Elisabeth Shue
25%
Hostel: Part II Heather Matarazzo
25%
Borderlands Jamie Lee Curtis
25%
Hostel, Hostel: Part II Jay Hernandez
25%
Borderlands Kevin Hart
25%
Knock Knock, The Green Inferno, The House with a Clock in Its Walls Lorenza Izzo
25%
Thanksgiving Patrick Dempsey
25%
Death Wish Vincent D'Onofrio
25%
Borderlands Ariana Greenblatt
13%
The Green Inferno Ariel Levy
13%
Hostel, Hostel: Part II Barbara Nedeljakova
13%
Death Wish Beau Knapp
13%
Borderlands Bobby Lee
13%
Death Wish Camila Morrone
13%
Knock Knock, The House with a Clock in Its Walls Colleen Camp
13%
Hostel Derek Richardson
13%
Borderlands Edgar Ramírez
13%
Hostel Eythor Gudjonsson
13%
Borderlands Florian Munteanu
13%
Borderlands, Thanksgiving Gina Gershon
13%
Cabin Fever Giuseppe Andrews
13%
Borderlands Haley Bennett
13%
Death Wish Jack Kesy
13%
Hostel Jennifer Lim
13%
Cabin Fever Jordan Ladd
13%
The House with a Clock in Its Walls Kyle MacLachlan
13%
Hostel: Part II Lauren German
13%
Thanksgiving Lynne Griffin
13%
Thanksgiving Milo Manheim
13%
Thanksgiving Nell Verlaque
13%
The House with a Clock in Its Walls Owen Vaccaro
13%
Hostel, Thanksgiving Rick Hoffman
13%
Cabin Fever Rider Strong
13%
The Green Inferno Sky Ferreira
13%
The House with a Clock in Its Walls Sunny Suljic
13%
Thanksgiving Ty Olsson
13%
Hostel: Part II Vera Jordanova
13%
Hostel: Part II Bijou Philips
0%
Hostel Jana Kaderabkova
0%
Borderlands Janina Gavankar
0%
Death Wish Mike Epps
0%
The House with a Clock in Its Walls Renée Elise Goldsberry
0%
No matching quizzes found
Score Distribution
Percent of People with Each Score
Percentile by Number Answered
Your Score History
You have not taken this quiz